Os 20 municípios mais populosos de Santa Catarina - Statistics

Estatísticas Gerais
  • Esse quiz foi jogado 109 vezes
  • A pontuação média é 14 de 20
Estatísticas das Respostas
Dica Resposta % Correto
537.211 Florianópolis
100%
616.317 Joinville
99%
361.261 Blumenau
92%
254.785 Chapecó
91%
214.493 Criciúma
91%
270.299 São José
88%
139.155 Balneário Camboriú
84%
264.054 Itajaí
83%
164.981 Lages
79%
141.385 Brusque
78%
222.598 Palhoça
74%
110.088 Tubarão
73%
182.660 Jaraguá do Sul
69%
103.074 Camboriú
65%
81.646 Concórdia
55%
75.940 Itapema
51%
86.401 Navegantes
49%
73.720 Caçador
44%
76.773 Biguaçu
42%
83.277 São Bento do Sul
32%
Nenhum quiz correspondente encontrado
Distribuição das Pontuações
Porcentagem de Pessoas com Cada Pontuação
Percentil de Números Respondidos
Sua Pontuação Histórica
Você não jogou esse quiz